000 00875nam a22001937a 4500
005 20240502131314.0
010 _aHIN-127458
020 _c895.00
_a9788195064502
035 _aHN-99804
037 _bDBAD
082 _a341.23
100 _aमिश्र, श्याम नारायण
_965464
245 _aराष्ट्रीय एवं अंतर्राष्ट्रीय दिवस/
_cश्याम नारायण मिश्र
250 _aप्रथम
260 _aराज्स्थान
_bश्वेता बुक एजेंसी
_c2022
270 _a83, शिव कालोनी , राजगढ़ रोड
_bपिलानी (राजस्थान)
_e333031
300 _a304पृ.
_c22सेमी (सजिल्द)
942 _cHN
_2ddc
_h341.23
_mमिश्रश्या
999 _c202545
_d202545